<?xml version="1.0" encoding="UTF-8"?><?xml-stylesheet type="text/xsl" href="static/style.xsl"?><OAI-PMH xmlns="http://www.openarchives.org/OAI/2.0/" xmlns:xsi="http://www.w3.org/2001/XMLSchema-instance" xsi:schemaLocation="http://www.openarchives.org/OAI/2.0/ http://www.openarchives.org/OAI/2.0/OAI-PMH.xsd"><responseDate>2026-04-28T23:38:02Z</responseDate><request verb="GetRecord" identifier="oai:uvadoc.uva.es:10324/2935" metadataPrefix="marc">https://uvadoc.uva.es/oai/request</request><GetRecord><record><header><identifier>oai:uvadoc.uva.es:10324/2935</identifier><datestamp>2021-06-23T16:50:13Z</datestamp><setSpec>com_10324_30605</setSpec><setSpec>com_10324_894</setSpec><setSpec>col_10324_41</setSpec></header><metadata><record xmlns="http://www.loc.gov/MARC21/slim" xmlns:doc="http://www.lyncode.com/xoai" xmlns:xsi="http://www.w3.org/2001/XMLSchema-instance" xmlns:dcterms="http://purl.org/dc/terms/" xsi:schemaLocation="http://www.loc.gov/MARC21/slim http://www.loc.gov/standards/marcxml/schema/MARC21slim.xsd">
<leader>00925njm 22002777a 4500</leader>
<datafield tag="042" ind1=" " ind2=" ">
<subfield code="a">dc</subfield>
</datafield>
<datafield tag="720" ind1=" " ind2=" ">
<subfield code="a">Ramos Muslera, Esteban Andrés</subfield>
<subfield code="e">author</subfield>
</datafield>
<datafield tag="260" ind1=" " ind2=" ">
<subfield code="c">2013</subfield>
</datafield>
<datafield tag="520" ind1=" " ind2=" ">
<subfield code="a">Esta Tesis Doctoral presenta una conceptualización del conflicto y la paz basada en una fundamentación teórica y epistemológica desde un enfoque sociopráxico. Propone un método participativo de planificación sociocomunitaria orientado a la intervención en conflictos sociales y la construcción de convivencias pacíficas, ejemplificando con el proceso de Construcción Participada de Convivencias Pacíficas desarrollado en la barriada de Las Palmeras, Córdoba (España), entre abril de 2007 y Diciembre de 2010.&#xd;
La conceptualización del conflicto social y la paz y su correspondiente metodología de planificación sociocomunitaria presentadas en esta Obra configuran un nuevo marco epistemológico, teórico y metodológico para la ciencia de la paz y el conflicto, cuya relevancia social es posible observar en una doble dimensión: como aportación teórica y metodológica para la ciencia del conflicto y la paz; y, como estrategia válida para propiciar la cristalización de modelos convivenciales pacíficos en comunidades socialmente conflictivas y vulnerables.</subfield>
</datafield>
<datafield tag="024" ind2=" " ind1="8">
<subfield code="a">http://uvadoc.uva.es/handle/10324/2935</subfield>
</datafield>
<datafield tag="024" ind2=" " ind1="8">
<subfield code="a">b1655440</subfield>
</datafield>
<datafield tag="024" ind2=" " ind1="8">
<subfield code="a">10.35376/10324/2935</subfield>
</datafield>
<datafield ind1=" " ind2=" " tag="653">
<subfield code="a">Problemas sociales</subfield>
</datafield>
<datafield ind1=" " ind2=" " tag="653">
<subfield code="a">Acción social</subfield>
</datafield>
<datafield ind1=" " ind2=" " tag="653">
<subfield code="a">Paz</subfield>
</datafield>
<datafield ind1=" " ind2=" " tag="653">
<subfield code="a">Observación participante</subfield>
</datafield>
<datafield tag="245" ind1="0" ind2="0">
<subfield code="a">Teoría y práctica del conflicto social y la paz desde la perspectiva sociopráxica. La construcción participada de convivencias pacíficas en entornos socialmente vulnerables</subfield>
</datafield>
</record></metadata></record></GetRecord></OAI-PMH>